LEADER 01277nam0-2200349-i-450- 001 990008256300403321 005 20130321102253.0 035 $a000825630 035 $aFED01000825630 035 $a(Aleph)000825630FED01 035 $a000825630 100 $a20060116g19729999km-y0itay50------ba 101 0 $aeng 102 $aGB 105 $aaef-z---001yy 200 1 $aVerulamium excavations$fSheppard Frere 210 $aLondon ; Oxford$cSociety of Antiquaries of London$cOxford university comittee for archaeology$d1972- 215 $av., tav.$cill.$d28 cm 225 1 $aReports of the Research Committee of the Society of Antiquaries of London$v49 225 1 $aOxford university comittee for archaeology$v1 300 $aL'editore varia 327 0 $a2.: / by Sheppard Frere. - 346 p., 47 c. di tav. : ill.$a3.: / by Sheppard Frere...[et al.]. - VIII, 295 p., 27 c. di tav. : ill. 610 0 $aScavi archeologici$aBritannia$aPeriodo romano 676 $a936.204$v21$zita 700 1$aFrere,$bSheppard Sunderland$f<1916- >$0204958 801 0$aIT$bUNINA$gRICA$2UNIMARC 901 $aBK 912 $a990008256300403321 952 $a936.2 FRE 1 (2-3)$bBibl. 60796 ; 5403$fFLFBC 959 $aFLFBC 996 $aVerulamium excavations$9177464 997 $aUNINA LEADER 01287nam0-22003971i-450- 001 990005469180203316 005 20010829120000.0 035 $a000546918 035 $aUSA01000546918 035 $a(ALEPH)000546918USA01 035 $a000546918 100 $a20010829d1997-------|0itac50------ba 101 $aita 102 $aIT 105 $a|||| ||||| 200 1 $aChi ha paura del numero chiuso?$edialogo tra un professore e una studentessa sullo stato dell'universitÓ, la competizione e la giustizia sociale$fMarco Santambrogio 210 $aRoma$cLaterza$d1997 215 $aVII, 161 p.$d18 cm. 225 2$aSaggi tascabili Laterza$v207 410 1$12001$aSaggi tascabili Laterza$v207 606 $aUniversitą$xItalia$2FI 620 $dRoma 676 $a378.45$cEducazione superiore e istituzioni - Italia$v21 700 1$aSANTAMBROGIO,$bMarco$050036 712 $aLaterza 801 $aIT$bSOL$c20120104 912 $a990005469180203316 950 $aDIP.TO SCIENZE ECONOMICHE - (SA)$dDS 300 378.45 SAN$e7303 DISES 951 $a300 378.45 SAN$b7303 DISES 959 $aBK 969 $aDISES 979 $c20121027$lUSA01$h1532 979 $c20121027$lUSA01$h1613 996 $aChi ha paura del numero chiuso$9500948 997 $aUNISA NUM $aUSA7127